00351pab a2200121 454500008004000000100002200040245005400062260000900116300001400125362001200139650002200151773005600173180718b2002 xxu||||| |||| 00| 0 eng d aPrakash, A. Surya aNeed to regulate the working of political parties c2002 ap.192-97. aJan-Dec aPolitical parties aJournal of Constitutional and Parliamentary Studies